| 000 | 00822cab a2200277 4500 | ||
|---|---|---|---|
| 001 | WB3110-06 | ||
| 008 | 090401t1995 xxu||||| |||| 00| 0 eng d | ||
| 035 | _a(Sirsi) u22459 | ||
| 041 | _aeng | ||
| 245 | _aConstruction work in the Middle East | ||
| 260 | _c1995 | ||
| 350 | _a0 | ||
| 490 |
_aConstruction News _v(6405) 9 March 1995, 4(1) |
||
| 520 | _aBritish contractors and consultants are being warned to act quickly to take advantage of construction opportunities in the Middle East. | ||
| 650 | _aCONSTRUCTION MARKET | ||
| 650 | _aCONTRACTORS | ||
| 650 | _aINFRASTRUCTURE PROJECTS | ||
| 650 | _aISRAEL | ||
| 650 | _aJORDAN | ||
| 650 | _aMIDDLE EAST | ||
| 690 | _aBUILT ENVIRONMENT | ||
| 690 | _aECONOMIC AND SOCIAL | ||
| 690 | _aOVERSEAS-REST OF THE WORLD | ||
| 942 | _n0 | ||
| 948 | _c04/03/1997 | ||
| 999 |
_c15046 _d15046 |
||